Prestressed Concrete : A fundamental approach
Wedi'i Gadw mewn:
| Prif Awdur: | |
|---|---|
| Fformat: | Sách |
| Iaith: | Undetermined |
| Cyhoeddwyd: |
Prentice Hall
2010
|
| Pynciau: | |
| Tagiau: |
Ychwanegu Tag
Dim Tagiau, Byddwch y cyntaf i dagio'r cofnod hwn!
|
| Thư viện lưu trữ: | Trung tâm Thư viện - Trường Đại học Công nghiệp TP. Hồ Chí Minh |
|---|
| LEADER | 00499nam a2200157Ia 4500 | ||
|---|---|---|---|
| 001 | UIH_06198 | ||
| 008 | 231011s9999 xx 000 0 und d | ||
| 082 | |a 624.183412 | ||
| 100 | |a Nawy, Edward G | ||
| 245 | 0 | |a Prestressed Concrete : A fundamental approach | |
| 245 | 0 | |c Nawy, Edward G | |
| 260 | |b Prentice Hall | ||
| 260 | |c 2010 | ||
| 650 | |a Bê tông ứng suất; | ||
| 927 | |a Sách | ||
| 980 | |a Trung tâm Thư viện - Trường Đại học Công nghiệp TP. Hồ Chí Minh | ||